Tuyển tập văn học Lữ Huy Nguyên sưu tầm , tuyển chọn

Tuyển tập các bài thơ ca chữ Việt, thơ chữ Hán và những bài thơ của Hồ Chí Minh

Сохранить в:
Библиографические подробности
Главный автор: Hồ Chí Minh
Формат:
Язык:Vietnamese
Опубликовано: H. Văn học 2005
Предметы:
Метки: Добавить метку
Нет меток, Требуется 1-ая метка записи!
Thư viện lưu trữ: Mạng thư viện Đại học Đà Nẵng
LEADER 01205nam a2200349 4500
001 000009709
003 5907
005 20111103091131.0
008 111101s2005 viesd
020 |c 120000đ 
041 0 |a vie 
082 |a 895.92208  |b HÔ-M 
100 0 |a Hồ Chí Minh 
245 0 |a Tuyển tập văn học  |b Lữ Huy Nguyên sưu tầm , tuyển chọn  |c Hồ Chí Minh 
260 |a H.  |b Văn học  |c 2005 
300 |a 959tr.  |c 24 cm 
520 |a Tuyển tập các bài thơ ca chữ Việt, thơ chữ Hán và những bài thơ của Hồ Chí Minh 
653 |a Văn học 
653 |a Hồ Chí Minh 
653 |a Tuyển tập 
653 |a Tuyển tập văn học 
910 |a Đỗ Phú Quý  |d 01/11/2011 
OWN |a LSP 
AVA |a UDN50  |b LSP  |d 895.92208 HÔ-M  |e check_holdings  |t Error 5003 Not defined in file expand_doc_bib_avail.  |h N  |k 1 
999 |a From the UDN01 
AVA |a UDN50  |b LSP  |d 895.92208 HÔ-M  |e available  |t Error 5001 Not defined in file expand_doc_bib_avail.  |f 15  |g 0  |h N  |i 0  |k 1 
TYP |a Monograph 
TYP |a Printed language 
980 |a Mạng thư viện Đại học Đà Nẵng